Statistics for Every Little League World Series Participant

Click here to take the quiz!

General Stats

  • This quiz has been taken 38 times
    (6 since last reset)
  • The average score is 43 of 74

Answer Stats

Appearance(s)Most Recent AppearanceAnswer% Correct
502023California
100%
322023Japan
100%
282023Texas
100%
62007Arizona
80%
31979Arkansas
80%
22013Delaware
80%
232021Florida
80%
72018Georgia
80%
152022Hawaii
80%
142014Illinois
80%
162022Indiana
80%
152022Iowa
80%
92021Louisiana
80%
42023Maine
80%
72008Maryland
80%
112022Massachusetts
80%
352023Mexico
80%
122021Michigan
80%
11977Mississippi
80%
32015Missouri
80%
22021Nebraska
80%
22023Nevada
80%
52021New Hampshire
80%
11956New Mexico
80%
122023Ohio
80%
82021Oregon
80%
32015South Carolina
80%
312023Taiwan
80%
112023Tennessee
80%
12022Utah
80%
92019Virginia
80%
152023Washington
80%
81999Alabama
60%
652023Canada
60%
12023Cuba
60%
82017Dominican Republic
60%
22018Idaho
60%
102019Kentucky
60%
72019Minnesota
60%
12011Montana
60%
202021New Jersey
60%
202022New York
60%
52017North Carolina
60%
21988Oklahoma
60%
122023Panama
60%
232023Pennsylvania
60%
11992Philippines
60%
122023Rhode Island
60%
52021South Dakota
60%
72019South Korea
60%
222023Venezuela
60%
92023Australia
40%
212021Connecticut
40%
152023Curacao
40%
32023Czech Republic
40%
62022Italy
40%
22011Netherlands
40%
12023North Dakota
40%
122022Puerto Rico
40%
52006Russia
40%
102018Spain
40%
11951West Virginia
40%
21984Belgium
20%
11962France
20%
162012Germany
20%
32022Nicaragua
20%
222011Saudi Arabia
20%
11963Turkey
20%
12011Aruba
0%
11974Greece
0%
52008Guam
0%
32006Northern Mariana Islands
0%
12004Poland
0%
22015Uganda
0%

Score Distribution

Percentile by Number Answered

Percent of People with Each Score

Your Score History

You have not taken this quiz since the last reset